| 000 | 01567nam a22003254i 4500 | ||
|---|---|---|---|
| 001 | 768714001 | ||
| 003 | CO-MdFUSB | ||
| 005 | 20240827170816.0 | ||
| 008 | 240214t2014 ag a|||g |||| 00| 0dspa d | ||
| 020 | _a9789500749640 | ||
| 040 |
_aCO-MdFUSB _bspa _cCO-MdFUSB _dCO-MdFUSBC _erda |
||
| 041 | _aspa | ||
| 082 |
_223 _a600 _bB595 |
||
| 100 |
_aBilinkis, Santiago, _eautor |
||
| 245 |
_aPasaje al futuro _c/ Santiago Bilinkis |
||
| 246 |
_aPasaje al futuro _bGuia para abordar el viaje del mañana |
||
| 250 | _aPrimera edición | ||
| 264 | 1 |
_bSudamericana, _aBuenos Aires, Argentina : _c[2014] |
|
| 264 | 4 | _c©2014 | |
| 300 |
_a301 páginas _c; 23 cm |
||
| 336 |
_2rdacontent _atexto _btxt |
||
| 337 |
_2rdamedia _asin mediación _bn |
||
| 338 |
_2rdacarrier _avolumen _bnc |
||
| 505 |
_tParte I: Conociendo lo que viene: _aEl pasado, el presente y el futuro del futuro. -- Biología sintética y el lenguaje de la vida. -- El futuro de la salud y el tuneo del cuerpo. -- El hackeo de la mente. -- La inteligencia de los computadores y la llegada de los robots. -- Máquinas que piensen... ¿máquinas que sienten? -- La extensión de la vida. -- El futuro de la vuelta de la esquina. _tParte II: Preparándonos para el futuro: _aReinventando la educación: nuevos contenidos, nuevas formas. -- Computadoras vs. humanos 3: el futuro del ¿empleo? -- Guía para sobrevivir al futuro. -- Epilogo: construyendo el futuro. |
||
| 563 | _aRústico | ||
| 650 | 7 |
_aCiencias sociales _97078 |
|
| 653 | _aEnsayo argentino | ||
| 942 | _cBK | ||
| 945 | _aLuz Peña | ||
| 999 |
_c69301 _d69301 |
||